UNIVERSAL PRINICIPAL OF DESIGN (Record no. 1222387)

MARC details
000 -LEADER
fixed length control field 00400nam a22001577a 4500
005 - DATE AND TIME OF LATEST TRANSACTION
control field 20260608103418.0
008 - FIXED-LENGTH DATA ELEMENTS--GENERAL INFORMATION
fixed length control field 260608b |||||||| |||| 00| 0 eng d
041 ## - LANGUAGE CODE
Source of code ENGLISH
100 ## - MAIN ENTRY--PERSONAL NAME
Personal name WILLIAM LED WELL KRITINA HOLDEN
245 ## - TITLE STATEMENT
Title UNIVERSAL PRINICIPAL OF DESIGN
250 ## - EDITION STATEMENT
Edition statement 2010
260 ## - PUBLICATION, DISTRIBUTION, ETC. (IMPRINT)
Place of publication, distribution, etc USA
Name of publisher, distributor, etc ROCK PORT PUBLISHING
Date of publication, distribution, etc 1/12/2025
300 ## - PHYSICAL DESCRIPTION
Extent P-270
365 ## - TRADE PRICE
Price amount 3043.30
942 ## - ADDED ENTRY ELEMENTS (KOHA)
Item type Book

No items available.